Wszystkie kawałki Taco Hemingway'a - Statystyki

Ogólne statystyki
  • Ten quiz został rozwiązany 44 razy
    42 od ostatniego zresetowania
  • Średni wynik to 71 z 218
Statystyki odpowiedzi
Hint Odpowiedź % Poprawnych
Marmur Marmur
83%
Mięso
78%
Następna stacja
78%
Chodź
75%
Marsz, Marsz
75%
Szprycer Nostalgia
75%
Trójkąt Warszawski Szlugi i Kalafiory
75%
Tamagotchi
75%
Tamagotchi - Remix
75%
Wszystko Jedno
75%
Deszcz
72%
Żyrandol
72%
8 kobiet
69%
8 kobiet - Remix
69%
TrΔjkąt
69%
Trójkąt
69%
Cafe Belga Café Belga
67%
Deszcz Na Betonie
67%
6 zer
64%
Wosk Wosk
64%
900729
61%
Europa
61%
Polskie Tango
61%
W PIĄTKI LEŻĘ W WANNIE
61%
1-800-OŚWIECENIE
58%
Fiji
58%
Gelato
58%
Mgła I (Siwe Włosy)
58%
KABRIOLETY
56%
Krwawa Jesień
56%
Kryptowaluty
56%
Makarena Freestyle
56%
(przerywnik)
56%
Białkoholicy
53%
Grubo-Chude Psy
53%
Mgła II (Mówisz, Masz)
53%
Mix Sałat
53%
Tlen
53%
2031
50%
+4822
50%
Art-B
50%
Całe Lata
50%
Cichosza
50%
Świecące Prostokąty
50%
Witaj W Hotelu Marmur
50%
515
47%
ALERT RCB
47%
Mleko & Miód
47%
Nametag
47%
PIN
47%
Tsunami Blond
47%
Wiatr
47%
ZTM
47%
35
44%
A mówiłem ci
44%
Anja
44%
Awizo
44%
POCZTÓWKA Z WWA, LATO '19 CZŁOWIEK Z DZIURĄ ZAMIAST KRTANI
44%
Łańcuch III: Korpo
44%
Łańcuch II: Korek
44%
Jarmark Łańcuch I: Kiosk
44%
LECI NOWY FUTURE
44%
Malibu Barbie
44%
Niedziela
44%
Outro
44%
SANATORIUM
44%
Ściany Mają Uszy
44%
club2020 club2020
42%
Metallica 808
42%
Nóż
42%
Soma
42%
W.N.P
42%
1000 Dni Freestyle
39%
Codziennie
39%
Ekodiesel
39%
Ekodiesel - Remix
39%
Soma 0,5 mg Intro
39%
Singiel Tunarzywo
39%
WWA VHS
39%
Żywot
39%
100 Kmh
36%
4 AM in Girona
36%
Adieu
36%
ANTYSMOGOWA MASKA W MOIM CARRY-ON BAGGAGE
36%
Dele
36%
Dwuzłotówki Dancing
36%
Main Stage Freestyle
36%
Umowa o Dzieło Od Zera
36%
Portier!
36%
Reżyseria: Kubrick
36%
Feature SUPRO
36%
Świat Jest WFem
36%
TIJUANA
36%
WUJEK DOBRA RADA
36%
1990s Utopia
33%
Flagey Bakayoko
33%
Feature bigos
33%
Czarna Kawa Czeka
33%
EINECEIWŚO 008-1
33%
Influenza
33%
Italodisco
33%
Karimata (Mute)
33%
Europa Luxembourg
33%
Ortalion
33%
Pokédex
33%
Saldo '07
33%
Szczękościsk
33%
Toskania Outro
33%
Visa
33%
VISA - Remix
33%
Wszystko Na Niby
33%
Abonent jest czasowo niedostępny
31%
Głupi byt
31%
Grand Prix
31%
Koła
31%
Motorola
31%
Nie Mam Czasu
31%
Nie Ufam Sobie Sam
31%
Pakiet Platinium
31%
Panie, to Wyście!
31%
Sectumsempra
31%
Ślepe Sumy
31%
WWA NIE Berlin
31%
WYTRAWNE (Z NUTĄ DESPERACJI)
31%
BXL
28%
0,25 mg Leonardo
28%
Michael Essien Birthday Party
28%
Modigliani
28%
Feature "Tak to leciało!"
28%
Wiem
28%
Wiem - Remix
28%
1-800-OŚWIECENIE #1 - WIELKOMIEJSKA BEZSENNOŚĆ
25%
C3PO
25%
I.S.W.T
25%
Moje demony uciekły na urlop
25%
Na Paryskie Ghetto Pada Deszcz
25%
Pireneje
25%
Sztylet
25%
Feature TOKYO2020
25%
#8 - KĄCIK KONSPIRACYJNY
22%
Feature Chłopaki nie płaczą
22%
Feature DRESSCODE
22%
Giro d'Italia
22%
Luck
22%
POL Smoke
22%
TLC
22%
To By Było Na Tyle
22%
Feature ADHD
19%
Benevento
19%
Young Hems Fuck Your List
19%
Listening to Arctic Monkeys
19%
Feature Nowy Kolor
19%
Pieniądz i Terror
19%
Szczerze
19%
TU RADIO MARMUR #1
19%
TU RADIO MARMUR #2
19%
#10 - JESTEM
17%
#11 - LUSTERKO WSTECZNE
17%
22
17%
#3 - TUTTO PASSA
17%
#5 - GŁOSÓWKI DO REDAKCJI
17%
#9 - SŁYSZY PAN?
17%
Big Pharma
17%
Ej, mała!
17%
Jak Cień
17%
Feature Kurtz
17%
No weź
17%
Off/On
17%
Feature Yin Yang
17%
Feature Yin Yang - Remix
17%
Feature Yin Yang - Remix 2
17%
Feature Znalazłem pieniądze
17%
#2 - GRZĘZNĄĆ W CISZY
14%
#4 - NESESER
14%
CYPHER2022
14%
Feature ROMANTICPSYCHO
14%
Feature SAUVAGE
14%
Vertigo
14%
#6 - DOBRY JAK DOBRY
11%
#7 - PRACA DOMOWA
11%
Blueberries
11%
Feature Napad na bankiet
11%
Feature Patrol
11%
Chewbacca
8%
Dwa zero, dwa zero
8%
Feature Nowe Szklane Domy
8%
club2020 Mixtape O.N.A
8%
Feature Zanim osiwieję
8%
Feature A miało być jak we śnie
6%
Bonfire (Remix)
6%
Booze To Glug
6%
Brilliant
6%
Feature Fast Food
6%
Feature HAUTE COUTURE
6%
Feature Lip Sync
6%
Who Killed JFK Nevermore
6%
Feature Niebieski Bentley
6%
Feature Postaranie
6%
Redwinebeer
6%
Stormtrooper with Horns
6%
Such a Pretty Child
6%
Feature SumieNIE
6%
Tak naprawdę
6%
Twenty Two
6%
Feature Yi Fang
6%
Feature 2K30
3%
Fake Tits/Ghosts
3%
Halle Berry
3%
Krusty's Children
3%
Larry David Flow
3%
Feature Lek Przeciwbólowy
3%
Feature Lost
3%
Normal Man / Pop Vulture
3%
Not Like Hov
3%
Twists
3%
Gods, Mammals, Birds
0%
Feature Spóła
0%
Feature Sumienie - Asfalt 20 Remix
0%
Nie znaleziono quizów pasujących do podanych kryteriów
Rozkład punktacji
Procent ludzi z każdym wynikiem
Percentyl według liczby udzielonych odpowiedzi
Twoja historia wyników
Nie rozwiązałeś tego quizu od ostatniego zresetowania